[Event "POL-chT2"]
[Site "Wisla"]
[Date "1998.??.??"]
[Round "?"]
[White "Wisniewski, Adrian"]
[Black "Dobrowolski, Piotr"]
[Result "0-1"]
[WhiteElo "2185"]
[BlackElo "2380"]

1.e4 g6 2.d4 Bg7 3.Nc3 d6 4.f4 Nf6 5.Nf3 O-O 6.Bd3 Na6 7.e5 Nd7 8.Be3 c5
9.exd6 exd6 10.Be2 b6 11.Qd2 Nf6 12.h3 Bb7 13.Bxa6 Bxa6 14.O-O-O Qc7 15.f5 Rfe8
16.Bh6 Bh8 17.Rhe1 Rxe1 18.Rxe1 Qd7 19.g4 Bb7 20.Rf1 Re8 21.dxc5 bxc5 22.Bf4 Ne4
23.Nxe4 Qb5 24.Rg1 Qxb2+ 25.Kd1 Bxe4 26.Ne1 Qa1+ 27.Qc1 Qd4+  0-1

[Event "EUCup final (Women)"]
[Site "Wuppertal"]
[Date "1998.??.??"]
[Round "6"]
[White "Cosma, Elena Luminita"]
[Black "Zozulia, Anna"]
[Result "1-0"]
[WhiteElo "2375"]
[BlackElo "2250"]

1.d4 g6 2.e4 Bg7 3.Nc3 d6 4.f4 Nf6 5.Nf3 O-O 6.Bd3 Na6 7.e5 Ne8 8.O-O c5
9.Be3 Nec7 10.dxc5 Nxc5 11.Bxc5 dxc5 12.Be4 Qxd1 13.Raxd1 Rb8 14.Rd2 b5 15.Bc6 Rb6
16.Be4 Bh6 17.g3 Bg4 18.Kg2 f6 19.exf6 exf6 20.h3 Be6 21.Re1 Rbb8 22.Nd5 Nxd5
23.Bxd5 Bxd5 24.Rxd5 c4 25.Re7 Rfd8 26.Rxd8+ Rxd8 27.Rxa7 Bf8 28.Rb7 Rd5
29.c3 g5 30.a3 gxf4 31.gxf4 Bh6 32.Nd4 Bxf4 33.Rxb5 Rd7 34.Rb4 Bc1 35.a4 Ra7
36.Ne2 Bd2 37.Rxc4 f5 38.b3 Re7 39.Kf2 Be3+ 40.Kf1 f4 41.Kg2 Bd2 42.Nxf4 Re3
43.a5 h5 44.a6  1-0

[Event "Zadar op"]
[Site "Zadar"]
[Date "1998.??.??"]
[Round "2"]
[White "Fercec, Nenad"]
[Black "Kljako, Damir"]
[Result "1-0"]
[WhiteElo "2455"]
[BlackElo "2225"]

1.e4 d6 2.d4 g6 3.Nc3 Bg7 4.Be3 c6 5.Qd2 b5 6.Bd3 a6 7.Nge2 Nd7 8.a4 b4 9.Na2 a5
10.c3 c5 11.O-O Ngf6 12.f3 O-O 13.Nac1 Bb7 14.Bb5 Ba6 15.Bxa6 Rxa6 16.Nd3 Rc6
17.cxb4 cxb4 18.d5 Rc8 19.Nd4 Nb8 20.Rac1 Qd7 21.b3 Rxc1 22.Rxc1 Rc8 23.Nb2 e6
24.dxe6 fxe6 25.Nc4 d5 26.Nb6 Rxc1+ 27.Qxc1 Qe8 28.e5 Nfd7 29.Nxd7 Qxd7 30.f4 Bf8
31.Kf2 Kf7 32.h4 Be7 33.h5 Bd8 34.hxg6+ hxg6 35.Qh1 Qe7 36.Qh7+ Ke8 37.Qxg6+ Kd7
38.f5 exf5 39.Qxf5+ Kc7 40.Ne6+ Kb7 41.Bg5 Bb6+ 42.Kf3 Qe8 43.Ng7 Qc6 44.Kg4 Na6
45.e6 Nc7 46.e7 Bd4 47.e8=Q Nxe8 48.Nxe8 Qxe8 49.Qxd5+ Qc6 50.Qxc6+ Kxc6
51.Kf5 Kd5 52.g4 Bc3 53.Be3 Bd4 54.Bxd4 Kxd4 55.g5 Kc3 56.g6 Kxb3 57.g7 Ka3
58.g8=Q b3 59.Ke4 b2 60.Qg1 Kxa4 61.Kd3  1-0

[Event "Zadar op"]
[Site "Zadar"]
[Date "1998.??.??"]
[Round "3"]
[White "Palac, Mladen"]
[Black "Loncar, Robert"]
[Result "1-0"]
[WhiteElo "2545"]
[BlackElo "2405"]

1.e4 d6 2.d4 g6 3.Nc3 Bg7 4.Be3 a6 5.f4 b5 6.Be2 Bb7 7.Bf3 e6 8.e5 Bxf3 9.Qxf3 d5
10.a4 b4 11.Na2 Nc6 12.Qe2 Nge7 13.Nf3 O-O 14.Nc1 Na5 15.b3 Qd7 16.Nd3 Rab8
17.g4 Nb7 18.O-O-O c5 19.Nxc5 Nxc5 20.dxc5 Rfc8 21.h4 Rc7 22.h5 d4 23.Bxd4 Nd5
24.Qh2 Rbc8 25.hxg6 hxg6 26.f5 exf5 27.Qh7+ Kf8 28.Qxg7+ Kxg7 29.e6+  1-0

[Event "Zadar op"]
[Site "Zadar"]
[Date "1998.??.??"]
[Round "6"]
[White "Zelic, Mladen"]
[Black "Kljako, Damir"]
[Result "1-0"]
[WhiteElo "2365"]
[BlackElo "2225"]

1.e4 d6 2.d4 g6 3.Nc3 Bg7 4.f4 Nc6 5.Bb5 a6 6.Bxc6+ bxc6 7.Nf3 Bg4 8.O-O e6
9.h3 Bxf3 10.Rxf3 Ne7 11.Be3 O-O 12.Qd2 f5 13.Bf2 c5 14.dxc5 Bxc3 15.Rxc3 fxe4
16.Re1 d5 17.b4 Nc6 18.Ra3 Qf6 19.c4 Qxf4 20.Qxf4 Rxf4 21.b5 Nb4 22.Rb1 e3
23.Bxe3 Rxc4 24.Bd2 Rxc5 25.Rxb4  1-0

[Event "Zadar op"]
[Site "Zadar"]
[Date "1998.??.??"]
[Round "8"]
[White "Cosic, Radoslav"]
[Black "Kljako, Damir"]
[Result "0-1"]
[WhiteElo "2145"]
[BlackElo "2225"]

1.e4 d6 2.d4 g6 3.Nc3 Bg7 4.Be3 c6 5.Qd2 b5 6.Bd3 Nd7 7.a4 b4 8.Nd1 c5 9.c3 bxc3
10.bxc3 Qc7 11.Ra2 Ngf6 12.f3 O-O 13.g4 e5 14.d5 c4 15.Bc2 Nc5 16.Qg2 Rb8
17.h4 Nd3+ 18.Kd2 h5 19.gxh5 Nxh5 20.Ne2 Ndf4 21.Qg1 Bh6 22.Nxf4 Bxf4 23.Bxf4 exf4
24.Qg5 Qd8 25.Qg2 Kg7 26.Nb2 Ba6 27.Nd1 Ng3 28.Rh2 Rh8 29.Qf2 Rb7 30.Rb2 Rc7
31.Kc1 Rxh4 32.Bb1 Rxh2 33.Qxh2 Rb7 34.Ra2 Qb8 35.Bc2 Qh8 36.Qd2 Qh1 37.Qf2 Qf1
38.Kd2 Qxf2+ 39.Nxf2 g5 40.Ra1 Rb8 41.Nh3 Rh8 42.Nf2 Rh2 43.Ke1 Nh1 44.e5 Nxf2
45.exd6 Kf6 46.Ra2 Nd3+ 47.Kf1 Bc8 48.Kg1 Rd2 49.a5 g4 50.fxg4 f3 51.g5+ Kxg5
52.Ra4 f2+ 53.Kg2 Nf4+  0-1

[Event "Ardid mem 10th op"]
[Site "Zaragoza"]
[Date "1998.??.??"]
[Round "3"]
[White "Reinaldo Castineira, Roi"]
[Black "Mowsziszian, Karen"]
[Result "1-0"]
[WhiteElo "2265"]
[BlackElo "2500"]

1.e4 g6 2.d4 Bg7 3.Nc3 d6 4.Be3 c6 5.Qd2 b5 6.Bd3 Nd7 7.Nf3 a6 8.O-O Bb7
9.a4 Ngf6 10.Bh6 O-O 11.Bxg7 Kxg7 12.e5 Ne8 13.Rfe1 dxe5 14.dxe5 Nc5 15.Qe3 Nxd3
16.Red1 Nc7 17.Rxd3 Qc8 18.Rad1 b4 19.Ne4 Nd5 20.Qc5 Re8 21.Nd4 Qc7 22.Nf3 Rac8
23.Qc4 Nf4 24.Rd7 Rcd8 25.Nf6 Rf8 26.Qxf4 Bc8 27.R7d2 Rxd2 28.Rxd2 Qa5 29.b3 c5
30.Ng4 Bxg4 31.Qxg4 Rd8 32.Qf4 h6 33.Rxd8 Qxd8 34.Qd2  1-0

[Event "Ardid mem 10th op"]
[Site "Zaragoza"]
[Date "1998.??.??"]
[Round "3"]
[White "Kolev, Atanas"]
[Black "Ramon Perez, Jose Luis"]
[Result "1-0"]
[WhiteElo "2540"]
[BlackElo "2265"]

1.e4 g6 2.d4 Bg7 3.Nc3 d6 4.Nf3 Nf6 5.Be3 c6 6.Qd2 Qa5 7.h3 Nbd7 8.Bd3 e5
9.O-O O-O 10.a3 Re8 11.Rad1 Qc7 12.Rfe1 Nf8 13.Bf1 Qe7 14.g3 b6 15.Bg2 Bb7
16.a4 Red8 17.Qc1 Qc7 18.Qa1 a6 19.a5 bxa5 20.dxe5 dxe5 21.Nd2 Ne6 22.Nc4 Nd4
23.Qxa5 Ne8 24.Rd2 Bc8 25.Red1 c5 26.Nd5 Qxa5 27.Nxa5 Be6 28.c3 Bxd5 29.exd5 Nf5
30.Bxc5 Nfd6 31.b4 f5 32.c4 e4 33.Bd4 Bh6 34.Rc2 Rac8 35.c5 Nb5 36.Bb2 Kf7
37.Bf1 e3 38.fxe3 Bxe3+ 39.Kg2 g5 40.Nc4  1-0

[Event "Ardid mem 10th op"]
[Site "Zaragoza"]
[Date "1998.??.??"]
[Round "5"]
[White "Ramiro Ovejero, Juan Luis"]
[Black "Mowsziszian, Karen"]
[Result "0-1"]
[WhiteElo "2165"]
[BlackElo "2500"]

1.e4 g6 2.d4 Bg7 3.Nc3 d6 4.Be3 Nf6 5.f3 c6 6.Qd2 b5 7.Bh6 Bxh6 8.Qxh6 Qa5
9.Qd2 Nbd7 10.Nge2 Rb8 11.g4 Nb6 12.b3 b4 13.Nd1 c5 14.a3 h5 15.g5 Nfd7 16.Nb2 O-O
17.Rg1 Ba6 18.f4 e6 19.Kf2 Rfc8 20.d5 exd5 21.exd5 c4 22.Qxb4 Qxd5 23.Rd1 Qf5
24.Qxd6 Nc5 25.Bg2 cxb3 26.Ng3 Qxc2+ 27.Rd2 Nd3+ 28.Ke3 Nxb2  0-1

[Event "Ardid mem 10th op"]
[Site "Zaragoza"]
[Date "1998.??.??"]
[Round "8"]
[White "Ramon Perez, Jose Luis"]
[Black "Strikovic, Aleksa"]
[Result "0-1"]
[WhiteElo "2265"]
[BlackElo "2565"]

1.d4 d6 2.e4 g6 3.Nc3 Bg7 4.Bg5 h6 5.Bh4 c6 6.Qd2 Nf6 7.f4 b5 8.Bd3 O-O 9.Nf3 Bg4
10.Bxf6 Bxf6 11.e5 Bg7 12.O-O-O Qa5 13.Kb1 b4 14.Ne2 Nd7 15.Bc4 d5 16.Bb3 Qb5
17.Rhf1 a5 18.Qd3 Qb7 19.Ba4 Nb6 20.Qb3 Rfc8 21.h3 Bd7 22.Nc1 Nxa4 23.Qxa4 c5
24.Qb3 a4 25.Qe3 c4 26.g4 c3 27.Rf2 b3 28.cxb3 axb3 29.Nxb3 Rxa2 30.Kxa2 Ra8+
31.Kb1 Qxb3 32.Qc1 Qa2+ 33.Kc2 Ba4+ 34.Kd3 Bxd1 35.Qxd1 cxb2 36.Nd2 Rc8  0-1

[Event "Hastings Challengers"]
[Site "Hastings"]
[Date "1999.01.01"]
[Round "4"]
[White "Parr, Frank"]
[Black "Sowray, Peter J"]
[Result "0-1"]
[WhiteElo "2140"]
[BlackElo "2320"]

1.d4 g6 2.e4 d6 3.Nc3 Bg7 4.Be3 c6 5.Be2 b5 6.h4 b4 7.Nb1 Nf6 8.Nd2 h5 9.f3 Nbd7
10.Nh3 c5 11.Ng5 cxd4 12.Bxd4 O-O 13.Bc4 Bb7 14.Bf2 Ne5 15.Be2 Qc7 16.f4 Neg4
17.Bg1 e5 18.Bd3 exf4 19.Qf3 d5 20.O-O-O Ne5 21.Qe2 Nxd3+ 22.Qxd3 dxe4 23.Qc4 Qxc4
24.Nxc4 e3 25.Bh2 Ng4 26.Rhg1  0-1

[Event "Basel Hilton op"]
[Site "Basel"]
[Date "1999.01.03"]
[Round "4"]
[White "Czebe, Attila"]
[Black "Bujupi, Fatmir"]
[Result "1-0"]
[WhiteElo "2455"]
[BlackElo "2265"]

1.e4 g6 2.d4 Bg7 3.Nc3 d6 4.f4 Nd7 5.Nf3 c5 6.Be3 Qa5 7.Qd2 Ngf6 8.e5 Ng4
9.Nd5 Qd8 10.exd6 exd6 11.f5 O-O 12.Bg5 f6 13.Bf4 g5 14.Bxd6 Re8+ 15.Be2 Nb6
16.dxc5 Nc4 17.Be7 Rxe7 18.Nxf6+ Bxf6 19.Qxd8+ Kg7 20.Qxe7+ Bxe7 21.Bxc4 Ne3
22.Bd3 Nxg2+ 23.Kf2 Nf4 24.Rhe1 Bxc5+ 25.Kf1 Nxd3 26.cxd3 Bxf5 27.d4 Bd6
28.Kg2 Kf6 29.a3 a5 30.Nd2 Bf4 31.Ne4+ Kg6 32.Ng3 Bd7 33.Re7 Bc6+ 34.Kg1 Rd8
35.Rae1 Bd5 36.Ne4 h5 37.Nc5 Bd6 38.Re8 Rxe8 39.Rxe8 Bf4 40.Nd3 Bd2 41.Re2 Bf4
42.Nxf4+ gxf4  1-0

[Event "Hastings Challengers"]
[Site "Hastings"]
[Date "1999.01.03"]
[Round "6"]
[White "Gormally, Daniel"]
[Black "Sowray, Peter J"]
[Result "1/2-1/2"]
[WhiteElo "2400"]
[BlackElo "2320"]

1.d4 g6 2.e4 d6 3.Nc3 Bg7 4.Be3 c6 5.Qd2 b5 6.Bd3 Nd7 7.Nf3 Bb7 8.O-O-O a6
9.e5 dxe5 10.dxe5 Nxe5 11.Nxe5 Bxe5 12.Rhe1 Qc7 13.Bb6 Qxb6 14.Rxe5 O-O-O
15.Qf4 Qc7 16.Qe3 e6 17.Re1 Nf6 18.Qg5 Nd5 19.Nxd5 Rxd5 20.Rxd5 cxd5 21.f4 h5
22.g3 Kb8 23.a3 Rc8 24.Kb1 Qd6 25.Qf6 Rc7 26.h3 b4 27.axb4 Qxb4 28.Qe5 d4
29.Re2 a5 30.Qb5 Qxb5 31.Bxb5 Ka7 32.Re5 Kb6 33.Bd3 Bd5 34.g4 f6 35.Re1 hxg4
36.hxg4 Rg7 37.c4 dxc3 38.bxc3 Kc5 39.c4 Bxc4 40.Bxc4 Kxc4 41.Rxe6 Rf7 42.Ka2 Kd5
43.f5 g5 44.Ka3 Rc7 45.Rxf6 Rc4 46.Ra6 Rxg4 47.f6 Rg3+ 48.Ka4 g4 49.f7 Rf3
50.Rg6 Rxf7  1/2-1/2

[Event "Bad Zwesten op"]
[Site "Bad Zwesten"]
[Date "1999.01.04"]
[Round "4"]
[White "Glek, Igor V"]
[Black "Hagenauer, Joerg"]
[Result "1-0"]
[WhiteElo "2566"]
[BlackElo "2111"]

1.e4 d6 2.d4 g6 3.Nc3 Bg7 4.Be3 c6 5.f4 Qc7 6.Nf3 Nd7 7.e5 Nb6 8.h3 h5 9.Qd2 d5
10.b3 Nh6 11.Bf2 Bf5 12.Nh4 Be6 13.Nd1 Bf5 14.Rg1 Be4 15.g4 hxg4 16.hxg4 g5
17.fxg5 Ng8 18.Nf5 Bxf5 19.gxf5 Bxe5 20.dxe5 Qxe5+ 21.Be2 Qxa1 22.Bd4 Qxa2
23.Bxh8 O-O-O 24.Bd4 Nd7 25.Qc3 Qa3 26.Bf2 f6 27.Rg4 a6 28.Bxa6 Qxa6 29.Ra4 Qb5
30.Ra5 Qxa5 31.Qxa5 Nb8 32.Qa8 d4 33.Bg3  1-0

[Event "Bad Zwesten op"]
[Site "Bad Zwesten"]
[Date "1999.01.04"]
[Round "5"]
[White "Langheinrich, Ferenc"]
[Black "Bomert, Egon"]
[Result "1-0"]
[WhiteElo "2279"]
[BlackElo "2160"]

1.e4 g6 2.d4 Bg7 3.Nc3 d6 4.Be3 Nf6 5.f3 Nc6 6.Qd2 Bd7 7.d5 Nb8 8.Nge2 c6
9.g4 cxd5 10.exd5 h6 11.Ng3 Qa5 12.Rd1 Na6 13.Bxa6 Qxa6 14.h4 Rc8 15.Qd3 Qa5
16.O-O O-O 17.Rfe1 Rfe8 18.Qd2 Kh7 19.Kg2 Qb4 20.Rb1 Ng8 21.Bf2 b6 22.Nge2 f5
23.g5 h5 24.a3 Qc4 25.Bd4 e5 26.dxe6 Bxe6 27.Rbd1 Rcd8 28.Bxg7 Kxg7 29.Qd4+ Qxd4
30.Rxd4 Bc8 31.Kf2 Ba6 32.Red1 d5 33.Rxd5 Rxd5 34.Rxd5 Re7 35.Nf4 Bc4 36.Rd6 Bf7
37.Nb5  1-0

[Event "Rilton Cup 9899"]
[Site "Stockholm"]
[Date "1999.01.04"]
[Round "7"]
[White "Koskela, Niina"]
[Black "Paterek, Michal"]
[Result "1-0"]
[WhiteElo "2205"]
[BlackElo "2050"]

1.e4 g6 2.d4 Bg7 3.Nc3 d6 4.h3 e5 5.Nf3 exd4 6.Nxd4 Nf6 7.Bg5 O-O 8.Qd2 Nbd7
9.O-O-O Nc5 10.f3 Qd7 11.g4 c6 12.h4 b5 13.h5 a5 14.Bh6 Ne8 15.Bxg7 Kxg7
16.hxg6 fxg6 17.Qh6+ Kg8 18.Nxc6 Qg7 19.Qe3 b4 20.Bc4+ Kh8 21.Nd5 Bb7 22.Nd4 Rc8
23.Rh3 Nf6 24.Nxf6 Rxf6 25.g5 Rff8 26.Rdh1 Rc7 27.Nb5 Rd7 28.Rxh7+ Qxh7 29.Qd4+ Rg7
30.Rh6 Rxf3 31.Nxd6  1-0

[Event "Bad Zwesten op"]
[Site "Bad Zwesten"]
[Date "1999.01.05"]
[Round "7"]
[White "Sokolov, Ewgeni"]
[Black "Shchekachev, Andrei"]
[Result "1/2-1/2"]
[WhiteElo "2360"]
[BlackElo "2512"]

1.d4 g6 2.e4 Bg7 3.Nc3 d6 4.Be3 c6 5.a4 Nf6 6.h3 O-O 7.Nf3 Qc7 8.Be2 e5 9.O-O exd4
10.Bxd4 Nbd7 11.Re1 b6 12.Bc4 Ne5 13.Nxe5 dxe5 14.Be3 Nh5 15.Ne2 Nf4 16.Qc1 Be6
17.Bxe6 Nxe6 18.c3 Rfd8 19.Qc2 Bf6 20.Rad1 Bg5 21.Bxg5 Nxg5 22.Ng3 Kg7 23.Nf1 Rxd1
24.Rxd1 Rd8 25.Rxd8 Qxd8 26.Ne3 f6 27.Kf1 Ne6 28.g3 Kf7 29.Ke2 Ke7 30.b4 Ng5
31.h4 Nf7  1/2-1/2

[Event "Bad Zwesten op"]
[Site "Bad Zwesten"]
[Date "1999.01.05"]
[Round "7"]
[White "Luther, Thomas"]
[Black "Seul, Georg"]
[Result "1/2-1/2"]
[WhiteElo "2542"]
[BlackElo "2441"]

1.e4 d6 2.d4 g6 3.Nc3 Bg7 4.Nf3 Nf6 5.Be3 c6 6.Qd2 Bg4 7.Be2 O-O 8.h3 Bxf3
9.Bxf3 Nbd7 10.g4 e6 11.g5 Ne8 12.h4 d5 13.O-O-O Nd6 14.Kb1 b5 15.h5  1/2-1/2

[Event "Rilton Cup 9899"]
[Site "Stockholm"]
[Date "1999.01.05"]
[Round "8"]
[White "Welin, Mats"]
[Black "Hillarp Persson, Tiger"]
[Result "1-0"]
[WhiteElo "2235"]
[BlackElo "2410"]

1.e4 g6 2.d4 Bg7 3.Nc3 d6 4.Nf3 a6 5.Be2 b5 6.O-O Bb7 7.Re1 Nd7 8.Bf1 c5
9.Be3 cxd4 10.Bxd4 Ngf6 11.e5 dxe5 12.Nxe5 O-O 13.Qe2 Nxe5 14.Bxe5 Qc8 15.Rad1 Rd8
16.h3 Qc6 17.a3 Qb6 18.Bf4 Nh5 19.Be5 Bh6 20.Qg4 f6 21.Bd4 Qc7 22.Qe6+ Kf8
23.Bb6 Nf4 24.Qe3 Rxd1 25.Bxc7 Rxe1 26.Qxe1 Rc8 27.Bxf4 Bxf4 28.g3 Be5 29.Bg2 Bxg2
30.Kxg2 Bxc3 31.bxc3 Kf7 32.Qe3 Rc4 33.h4 Ra4 34.Qc5 h5 35.Qd5+ Kf8 36.c4 Rxc4
37.Qa8+  1-0

[Event "Rilton Cup 9899"]
[Site "Stockholm"]
[Date "1999.01.05"]
[Round "8"]
[White "Olsson, Anders"]
[Black "Nouro, Mikael"]
[Result "0-1"]
[WhiteElo "2210"]
[BlackElo "2335"]

1.e4 g6 2.d4 Bg7 3.Nc3 d6 4.Be3 a6 5.Qd2 b5 6.f3 Nd7 7.h4 h5 8.Nh3 Ngf6 9.Ng5 Bb7
10.Be2 c5 11.d5 O-O 12.O-O Ne5 13.Nd1 Bc8 14.Nf2 Bd7 15.c3 a5 16.f4 Neg4
17.Nxg4 Nxg4 18.f5 Nxe3 19.Qxe3 b4 20.Rf3 bxc3 21.bxc3 Rb8 22.Rg3 c4 23.Nf3 e6
24.dxe6 fxe6 25.Rxg6 Rf6 26.Qg5 Rxg6 27.Qxg6 Be8 28.Qg3 exf5 29.exf5 Rc8
30.Rd1 d5 31.Nd4 Bf7 32.Ne6 Bxe6 33.fxe6 Qb6+ 34.Kh1 Qxe6 35.Bxh5 Rd8 36.Re1 Qf6
37.Rf1 Qxf1+ 38.Kh2 Qf5 39.Bg4 Qe5  0-1

[Event "Linares Anibal op"]
[Site "Linares"]
[Date "1999.01.08"]
[Round "1"]
[White "Appleberry, Martin"]
[Black "Delchev, Aleksander"]
[Result "0-1"]
[WhiteElo "2310"]
[BlackElo "2575"]

1.e4 g6 2.d4 Bg7 3.Nc3 d6 4.f4 Nc6 5.Be3 Nf6 6.Nf3 O-O 7.e5 Ng4 8.Bg1 dxe5
9.fxe5 f6 10.h3 Nh6 11.e6 Nf5 12.Bf2 Qd6 13.d5 Ng3 14.Rg1 Rd8 15.Qd2 Nxf1
16.Rxf1 Ne5 17.Nxe5 Qxe5+ 18.Qe3 f5 19.O-O-O b6 20.Qxe5 Bxe5 21.Bd4 Bxd4
22.Rxd4 c6 23.Rfd1 Bb7 24.g4 fxg4 25.hxg4 g5 26.dxc6 Rxd4 27.Rxd4 Bxc6 28.Nd5 Re8
29.Ne3 Kg7 30.Rc4 Rc8 31.Nd5 Bb7 32.Rd4 Bxd5 33.Rxd5 Kf6 34.Rf5+ Kg6 35.Rf7 Rc4
36.Rxe7 Rxg4 37.Rxa7 h5 38.Rb7 h4 39.Rxb6 h3 40.e7+ Kf7 41.Rd6 Ke8  0-1

[Event "BL2-O9899"]
[Site "Germany"]
[Date "1999.01.10"]
[Round "4.2"]
[White "Prusikin, Mikhajlo"]
[Black "Alber, Horst"]
[Result "1-0"]
[WhiteElo "2475"]
[BlackElo "2325"]

1.e4 g6 2.d4 Bg7 3.Nc3 d6 4.Be3 c6 5.Qd2 b5 6.Bd3 Qc7 7.h3 Nd7 8.Nf3 Ngf6
9.Bh6 Bxh6 10.Qxh6 b4 11.Nb1 c5 12.Nbd2 cxd4 13.Nxd4 Qc5 14.N4b3 Qh5 15.Qe3 Nc5
16.Nxc5 Qxc5 17.Qxc5 dxc5 18.Nb3 Nd7 19.Bb5 Rb8 20.Bxd7+ Bxd7 21.Nxc5 Bc6
22.f3 O-O 23.O-O-O Rfc8 24.Kb1 h5 25.h4 a5 26.Rd4 Bb5 27.Nb3 Ba4 28.Rc1 Bxb3
29.cxb3 Rxc1+ 30.Kxc1 Rb5 31.Kd2 Kg7 32.Kd3 Kf6 33.Kc4 Rb8 34.Rd5 Rc8+ 35.Kd3 Rc1
36.Rxa5 Rb1 37.Kc4 Rxb2 38.Kxb4 Rxg2 39.a4  1-0

[Event "BL2-Mitte 9900 (Women)"]
[Site "Germany"]
[Date "1999.01.17"]
[Round "4"]
[White "Ptacnikova, Lenka"]
[Black "Kunze, Kerstin"]
[Result "1/2-1/2"]
[WhiteElo "2225"]
[BlackElo "2140"]

1.e4 g6 2.d4 Bg7 3.Nc3 d6 4.Be3 Nf6 5.Qd2 Ng4 6.Bg5 h6 7.Bh4 c6 8.f3 Nf6
9.O-O-O b5 10.g4 Qa5 11.Kb1 Nbd7 12.Bg3 Nb6 13.e5 dxe5 14.dxe5 Nfd5 15.Nxd5 Qxd2
16.Rxd2 Nxd5 17.Bd3 h5 18.gxh5 Rxh5 19.f4 Be6 20.Nf3 Nb4 21.a3 Nxd3 22.Rxd3 Bc4
23.Rd2 Bd5 24.Rf1 O-O-O 25.Rfd1 Rhh8 26.Nd4 e6 27.b3 Kb7 28.Kb2 a6 29.Rd3 Kc7
30.Be1 Kb7 31.h4 Rc8 32.Ne2 c5 33.Nc3 Bc6 34.Bf2 Bf8 35.Rd8  1/2-1/2

[Event "Oberliga Sued W9899"]
[Site "Wuertemberg"]
[Date "1999.01.17"]
[Round "5"]
[White "Dausch, Rene"]
[Black "Held, Paul"]
[Result "1/2-1/2"]
[WhiteElo "2295"]
[BlackElo "2295"]

1.d4 d6 2.e4 g6 3.Nc3 Bg7 4.Nf3 Nf6 5.Be2 O-O 6.O-O Nc6 7.Be3 e5 8.dxe5 Nxe5
9.h3 Be6 10.Nd4 Bc4 11.Re1 Re8 12.Bg5 h6 13.Bh4 Qd7 14.Bxc4 Nxc4 15.b3 Ne5
16.f3 a6 17.Nde2 b5 18.a3 Kh7  1/2-1/2

[Event "Hamburg IM"]
[Site "Hamburg"]
[Date "1999.01.19"]
[Round "10"]
[White "Buhr, Carl Christian"]
[Black "Wendt, Jan Dietrich"]
[Result "1/2-1/2"]
[WhiteElo "2320"]
[BlackElo "2295"]

1.d4 g6 2.e4 Bg7 3.Nc3 d6 4.g3 Nf6 5.Bg2 O-O 6.h3 Nc6 7.Nge2 e5 8.Be3 Bd7
9.d5 Ne7 10.Qd2 b5 11.a3 Qb8 12.O-O c6 13.dxc6 Bxc6 14.Rfd1 Rd8 15.Nd5 Nfxd5
16.exd5 Bd7 17.g4 Rf8 18.Ng3 f5 19.Bg5 Qe8 20.f3 Kh8 21.Rac1 Ng8 22.Ne2 Nf6
23.Be3 e4 24.g5 Nh5 25.fxe4 Bxb2 26.Bd4+ Bxd4+ 27.Qxd4+ Kg8 28.Rf1 f4 29.c4 bxc4
30.Rc3 Qe7 31.h4 Bg4 32.Bf3 Qd7 33.Qf2 Rab8 34.Rxc4 Rb2 35.Rfc1 Bxf3 36.Qxf3 Rxe2
37.Qxe2 f3 38.Qh2 Qg4+ 39.Kf2 Nf4 40.R4c3 Ne2 41.Rc8 Rxc8 42.Rxc8+ Qxc8 43.Qxd6 Nd4
44.Qe7 a6 45.d6 Qc2+  1/2-1/2

[Event "NRW-Liga I 9899"]
[Site "GER"]
[Date "1999.01.20"]
[Round "5"]
[White "Dahm, Jochen"]
[Black "Ivic, Roman"]
[Result "1-0"]
[WhiteElo "1997"]
[BlackElo "2140"]

1.e4 g6 2.d4 Bg7 3.Nc3 d6 4.Be3 Nf6 5.f3 O-O 6.Qd2 e5 7.Nge2 Nc6 8.d5 Ne7
9.O-O-O Re8 10.Bh6 Bh8 11.h4 Bd7 12.g4 b5 13.Ng3 b4 14.Nb1 a5 15.h5 Bc8 16.hxg6 fxg6
17.Bb5 Bd7 18.Bd3 c5 19.Bg5 Nc8 20.Qh2 Re7 21.Rdg1 Qc7 22.Nf5 gxf5 23.gxf5 Kf8
24.Bxf6 Bxf6 25.Qh6+ Bg7 26.Qxh7 Rf7 27.Rxg7 Rxg7 28.Qh8+ Kf7 29.Rh7 Rxh7
30.Qxh7+ Kf6 31.Qg6+ Ke7 32.f6+ Kd8 33.f7 Ke7 34.Qg7  1-0

[Event "NRW-Liga II 9899"]
[Site "GER"]
[Date "1999.01.20"]
[Round "5"]
[White "Beckmann, Klaus"]
[Black "Nowik, Volker"]
[Result "1/2-1/2"]
[WhiteElo "2220"]
[BlackElo "2135"]

1.e4 d6 2.d4 g6 3.Nc3 Bg7 4.Nf3 Nf6 5.Be2 O-O 6.O-O c6 7.a4 a5 8.Be3 Na6
9.Qd2 Nb4 10.Rad1 Bg4 11.Rfe1 d5 12.e5 Nd7 13.Rc1 Bxf3 14.Bxf3 e6 15.Be2 c5
16.f4 cxd4 17.Bxd4 Nc6 18.Nb5 Nxd4 19.Nxd4 Qb6 20.Bb5 Nc5 21.Qe3 Rfd8 22.c3 Bf8
23.Kh1 Ne4 24.Rcd1 Rac8 25.g3 Bc5 26.Kg2 Bxd4 27.Rxd4 Nc5 28.Rdd1 Nd7 29.Bxd7 Qxe3
30.Rxe3 Rxd7 31.Rd4 Rdc7 32.Red3 Rc6 33.Kf3 Rb6 34.Rd2 Rb3 35.Ke2 Rc6 36.Kd1 Kf8
37.Rc2 Ke7 38.Kc1 h5 39.Kb1 b5 40.Ka2 bxa4 41.Rxa4 Rb5 42.Rd2 Rbc5 43.Ra3 Rb6
44.Rd4 Rcb5 45.b3 Rc5 46.Kb2 Rbc6 47.Rd3 Kd7 48.Kc2 Kc7 49.Kd2 Kb6 50.Ra1 Rb5
51.Kc2 Rb4 52.Kb2 Re4 53.Rad1 Rc8 54.Rd4 Re2+ 55.R1d2 Re3 56.R2d3 Re1 57.Rd1 Re2+
58.R1d2 Rxd2+ 59.Rxd2 h4 60.g4 h3 61.Rd3 Rh8 62.Kc2 Rh4 63.Rg3 Kc5 64.Kd3 Rh8
65.Rg1 Rb8 66.Ra1 Kb5 67.Kd4 Rc8 68.Kd3 Rc7 69.Kd4 Rb7 70.Kd3 Rc7  1/2-1/2

[Event "Copenhagen-ch"]
[Site "Copehagen"]
[Date "1999.01.24"]
[Round "3"]
[White "Brinck Claussen, Bjorn"]
[Black "Clausen, Steen"]
[Result "1-0"]
[WhiteElo "2330"]
[BlackElo "2270"]

1.e4 d6 2.d4 g6 3.Nc3 Bg7 4.f4 c6 5.Nf3 Nd7 6.Be3 Ngf6 7.h3 O-O 8.g4 Qa5
9.Qd2 e5 10.dxe5 dxe5 11.f5 b5 12.Bd3 b4 13.Nd1 Rd8 14.Qf2 Ba6 15.O-O Bxd3
16.cxd3 Qb5 17.Qc2 Bf8 18.Rc1 Rac8 19.fxg6 hxg6 20.Nh4 Be7 21.Qb3 Nf8 22.Nf2 a5
23.g5 a4 24.Qd1 N6h7 25.Qg4 c5 26.b3 axb3 27.axb3 Qd7 28.Qg3 Ne6 29.Nf3 Nd4
30.Bxd4 exd4 31.Ng4 Rf8 32.Qh4 Qd8 33.e5 Nxg5 34.Nf6+ Bxf6 35.exf6 Ne6 36.Rce1 Rc7
37.Ne5 Qd5 38.Re4 Ra8 39.Qh6 Ra2 40.h4 Rca7 41.Nxg6 fxg6 42.Qxg6+ Kf8 43.f7 Ng7
44.Re8+  1-0

[Event "Ubeda op"]
[Site "Ubeda"]
[Date "1999.01.24"]
[Round "5"]
[White "Genba, Vladimir"]
[Black "Kazhgaleyev, Murtas"]
[Result "1/2-1/2"]
[WhiteElo "2450"]
[BlackElo "2550"]

1.e4 g6 2.d4 Bg7 3.Nc3 d6 4.f4 Nf6 5.Nf3 O-O 6.Bd3 Na6 7.O-O c6 8.a3 Bg4
9.h3 Bxf3 10.Qxf3 Nd7 11.Be3 Nc7 12.g4 c5 13.dxc5 Nxc5 14.Bc4 Qd7 15.Rad1 Na4
16.Nxa4 Qxa4 17.Bb3 Qc6 18.f5 Kh8 19.Bg5 Qc5+ 20.Kh1 Qe5 21.Bxe7 Qxe7 22.f6 Qe5
23.fxg7+ Kxg7 24.Qf4 Qxf4 25.Rxf4 Rad8 26.e5 d5 27.Rfd4 Rfe8 28.Bxd5 Rxe5
29.Bxb7 Rxd4 30.Rxd4 Re1+ 31.Kg2 Re2+ 32.Kg3 Rxc2 33.Rd7 Ne6 34.Bd5 Kf6 35.Bxe6 Kxe6
36.Rb7 h6 37.h4 Rd2 38.h5 Kf6  1/2-1/2

[Event "Mermaid Beach Club"]
[Site "Bermuda"]
[Date "1999.01.26"]
[Round "6"]
[White "Forster, Richard"]
[Black "Nataf, Igor Alexandre"]
[Result "1-0"]
[WhiteElo "2468"]
[BlackElo "2475"]

1.e4 g6 2.d4 Bg7 3.Nc3 d6 4.f4 a6 5.Nf3 b5 6.Bd3 Nd7 7.e5 Bb7 8.Ne4 Nb6 9.f5 gxf5
10.Ng3 e6 11.Nh5 Bf8 12.O-O dxe5 13.dxe5 c5 14.Bg5 Be7 15.Bxe7 Qxe7 16.Bxf5 exf5
17.Ng7+ Kf8 18.Nxf5 Rd8 19.Qe1 Qe6 20.Ng5 Qg6 21.Qe3 Nd5 22.Qxc5+ Nde7 23.Nd6 Bd5
24.Qxd5 Nh6 25.Qe6 Rxd6 26.exd6 Qxg5 27.dxe7+ Kg7 28.Qe4 Re8 29.Rae1 Ng4
30.Qf4 Qg6 31.h3 Nf6 32.Re3 Nh5 33.Qd4+ Kg8 34.Qg4 Ng7 35.Qxg6 fxg6 36.Rd1 Ne6
37.Rd7 Kg7 38.Ra3 g5 39.Rxa6 Nc5 40.Rd8 Rxe7 41.Rc6  1-0

[Event "Mermaid Beach Club"]
[Site "Bermuda"]
[Date "1999.01.30"]
[Round "10"]
[White "Forster, Richard"]
[Black "Bacrot, Etienne"]
[Result "0-1"]
[WhiteElo "2468"]
[BlackElo "2561"]

1.e4 g6 2.d4 Bg7 3.Nc3 d6 4.f4 a6 5.Nf3 b5 6.Bd3 Nd7 7.e5 c5 8.Be4 Rb8 9.Be3 b4
10.Ne2 Nh6 11.h3 O-O 12.c3 Nb6 13.Bf2 bxc3 14.bxc3 Nc4 15.O-O Qc7 16.Rb1 Bd7
17.Rxb8 Rxb8 18.Qd3 Bb5 19.Qc2 Qd7 20.Ng5 Nf5 21.Re1 e6 22.Bf3 cxd4 23.cxd4 Rc8
24.Rc1 d5 25.h4 h6 26.Nh3 h5 27.Ng5 Bf8 28.Qd1 Nb2 29.Qd2 Nd3 30.Rxc8 Qxc8
31.Ng3 Nxg3 32.Bxg3 Qc4 33.Qe3 Ba3 34.Bxh5 gxh5 35.Qf3 Qxd4+ 36.Kh2 Bc5 37.Qxh5 Qg1+
38.Kh3 Qh1+ 39.Kg4 Nf2+ 40.Bxf2 Qxg2+  0-1

[Event "Nova Gorica op"]
[Site "Nova Gorica"]
[Date "1999.01.30"]
[Round "3"]
[White "Sermek, Drazen"]
[Black "Ciglic, Boris"]
[Result "1-0"]
[WhiteElo "2540"]
[BlackElo "2143"]

1.e4 d6 2.d4 g6 3.Nc3 Bg7 4.Be3 c6 5.f4 Nf6 6.h3 Qb6 7.Qc1 Qa5 8.Qd2 O-O
9.Nf3 Nbd7 10.Bd3 e5 11.O-O Qc7 12.Rae1 exd4 13.Bxd4 Nc5 14.f5 Nxd3 15.cxd3 b5
16.Qg5 Qd8 17.Qh4 b4 18.Ne2 Ba6 19.Nf4 Nd7 20.Ng5 Bxd4+ 21.Kh1 h5  1-0

[Event "BL2-O9899"]
[Site "Germany"]
[Date "1999.01.31"]
[Round "5.5"]
[White "Kyas, Juergen"]
[Black "Timpel, Klaus"]
[Result "1/2-1/2"]
[WhiteElo "2260"]
[BlackElo "2300"]

1.e4 g6 2.d4 Bg7 3.Nc3 d6 4.Nf3 Nf6 5.Be2 O-O 6.O-O a6 7.a4 b6 8.Re1 Bb7
9.e5 dxe5 10.Nxe5 Nfd7 11.Bf3 Bxf3 12.Qxf3 Ra7 13.Bf4 Nxe5 14.dxe5 c5 15.Rad1 Rd7
16.h3 Rxd1 17.Rxd1 Qc8 18.Nd5 Qe6 19.Qg4 Nc6 20.Nxb6 Qa2 21.Nd7  1/2-1/2